Drug Store and Business Management (Record no. 6167)

MARC details
000 -LEADER
fixed length control field 00590nam a22002297a 4500
003 - CONTROL NUMBER IDENTIFIER
control field OSt
005 - DATE AND TIME OF LATEST TRANSACTION
control field 20181012152843.0
008 - FIXED-LENGTH DATA ELEMENTS--GENERAL INFORMATION
fixed length control field 181012b xxu||||| |||| 00| 0 eng d
020 ## - INTERNATIONAL STANDARD BOOK NUMBER
International Standard Book Number 818573111X
040 ## - CATALOGING SOURCE
Transcribing agency DNLM
082 ## - DEWEY DECIMAL CLASSIFICATION NUMBER
Classification number QV736 M48d 2001
100 ## - MAIN ENTRY--PERSONAL NAME
Personal name Mehta, R. M.
9 (RLIN) 12728
245 ## - TITLE STATEMENT
Title Drug Store and Business Management
250 ## - EDITION STATEMENT
Edition statement 3rd ed.
260 ## - PUBLICATION, DISTRIBUTION, ETC. (IMPRINT)
Place of publication, distribution, etc. Dehl; Vallabh Prakashan, 2001
300 ## - PHYSICAL DESCRIPTION
Extent vii,240p; ill: 22cm
504 ## - BIBLIOGRAPHY, ETC. NOTE
Bibliography, etc Appendices, & index included
648 ## - SUBJECT ADDED ENTRY--CHRONOLOGICAL TERM
Source of heading or term D
650 ## - SUBJECT ADDED ENTRY--TOPICAL TERM
Topical term or geographic name as entry element Drug storage
9 (RLIN) 12729
650 ## - SUBJECT ADDED ENTRY--TOPICAL TERM
Topical term or geographic name as entry element Business management
9 (RLIN) 6027
942 ## - ADDED ENTRY ELEMENTS (KOHA)
Source of classification or shelving scheme Other/Generic Classification Scheme
Koha item type Short Loan
Holdings
Withdrawn status Lost status Source of classification or shelving scheme Damaged status Not for loan Home library Current library Date acquired Source of acquisition Inventory number Total Checkouts Full call number Barcode Date last seen Koha item type
    Other/Generic Classification Scheme     Pharmacy Department Library Pharmacy Department Library 12/10/2018   11/00308   QV736 M48d 2001 2018-0394 12/10/2018 Short Loan